Vandkilde, Helle, 1955-. Culture and change in Central European prehistory. - Aarhus : Aarhus Univ. Press. - 2007 [Rezension]
| Titel: | Vandkilde, Helle, 1955-. Culture and change in Central European prehistory. - Aarhus : Aarhus Univ. Press. - 2007 [Rezension] |
|---|---|
| Verfasser: | |
| In: |
Prähistorische Zeitschrift, Band 84, Heft 2 (2009), Seite 248-250 alle Artikel anzeigen |
| Veröffentlicht: | 2009 |
| Format: | Aufsatz |
| Sprache: | Deutsch |
| Hinweise zum Inhalt: |
zusätzliche Angaben
|
X
alg: 39506653
001A $01999:12-11-16
001B $01999:04-08-21 $t21:03:43.000
001D $01999:12-11-16
001U $0utf8
001X $00
002@ $0Aox
003@ $0395066530
007A $0395066530 $aHEB
007T $0Herdc0083071m
009P $A2 $3zusätzliche Angaben $uhttp://www.degruyter.com/view/j/prhz.2009.84.issue-2/pz.2009.013/pz.2009.013.xml?format=INT
010@ $ager
011@ $a2009
021A $aVandkilde, Helle, 1955-. Culture and change in Central European prehistory. - Aarhus : Aarhus Univ. Press. - 2007 [Rezension]
028A $aRosenstock $dEva
031A $d84 $e2 $h248-250 $j2009
039B $aIn $8--Abvc--. Prähistorische Zeitschrift. - Berlin {[u.a.] : de Gruyter, 1909-. - ISSN 0079-4848 $x200900000840002752 $9047249722
039T $8--Aau--Vandkilde, Helle$Z1955- [Tp3]. Culture and change in Central European prehistory. - Aarhus : Aarhus Univ. Press, 2007. - 215 S.. - Ill., Kt. - ISBN 978-87-7934-245-3 $9202276686
045F $a900.9437 $eDDC23BSB
045F/01 $a900
045F/03 $g437
045T $a6,11
lok: 39506653 78
exp: 39506653 78 1 #EPN
201B/01 $018-11-16 $t13:38:36.000
201U/01 $0utf8
203@/01 $0791365174
208@/01 $a12-11-16 $be
209A/01 $a/ $f000 $x00
220C/01 $aTitelaufnehmer: pg
220C/01 $aHerkunft: HI Marburg
244Z/01 $2Trx $#Kesk- ja Ida- Euroopa kontseptsioonid $#Vidurio Europos koncepcijos $#East-Central Europe $#Keletközépeurópa-eszmék $#Europa Środkowo-Wschodnia koncepcje $#Európa stredovýchodná koncepcie $#Evropa střední, východní část koncepce $#Mitteleuropa $#Osteuropakonzeptionen $#Europa Środkowa koncepcje $#Stredná Európa koncepcie $#Střední Europa koncepce $8--Trx--Ostmitteleuropakonzeptionen $x01 $9391364286
244Z/01 $2Trx $#arvustused $#recenzijos $#Reviews $#recenziók $#recenzje $#recenzie $#recenze $8--Trx--Rezensionen $x02 $9391357441
244Z/01 $2Trx $8--Trx--elektronische Ressource $x03 $939138452X
247C/01 $82080>Marburg/Lahn, Herder-Institut, Forschungsbibliothek, Bibliographieportal $9336309341
| LEADER | 00000caa a22000002c 4500 | ||
|---|---|---|---|
| 001 | 395066530 | ||
| 003 | DE-603 | ||
| 005 | 20210804210343.0 | ||
| 007 | tu | ||
| 008 | 161112s2009 xx |||| | u00||u|ger c | ||
| 035 | |a (DE-599)HEB395066530 | ||
| 040 | |a DE-603 |b ger |c DE-603 |d DE-603 | ||
| 041 | |a ger | ||
| 082 | 0 | 4 | |8 1\u |a 900.9437 |q DE-101 |2 23/BSB |
| 084 | |a 6,11 |2 ssgn | ||
| 085 | |8 1\u |b 900 | ||
| 085 | |8 1\u |z 2 |s 437 | ||
| 100 | 1 | |a Rosenstock, Eva | |
| 245 | 0 | 0 | |a Vandkilde, Helle, 1955-. Culture and change in Central European prehistory. - Aarhus : Aarhus Univ. Press. - 2007 [Rezension] |
| 264 | 0 | |c 2009 | |
| 773 | 0 | 8 | |i In |t Prähistorische Zeitschrift |d Berlin [u.a.] : de Gruyter, 1909- |x 0079-4848 |g Band 84, Heft 2 (2009), Seite 248-250 |w (DE-603)047249722 |w (DE-600)200096-9 |
| 787 | 0 | 8 | |i Rezension von |a Vandkilde, Helle, 1955- |t Culture and change in Central European prehistory |d Aarhus : Aarhus Univ. Press, 2007 |h 215 S., Ill., Kt |z 9788779342453 |w (DE-603)202276686 |
| 856 | 4 | 2 | |u http://www.degruyter.com/view/j/prhz.2009.84.issue-2/pz.2009.013/pz.2009.013.xml?format=INT |3 zusätzliche Angaben |
| 924 | 0 | |9 2080 |a (DE-603)791365174 |b DE-2080 |c HES |d d |g / | |


